<?xml version="1.0" encoding="UTF-8"?>
<record
    xmlns:xsi="http://www.w3.org/2001/XMLSchema-instance"
    xsi:schemaLocation="http://www.loc.gov/MARC21/slim http://www.loc.gov/standards/marcxml/schema/MARC21slim.xsd"
    xmlns="http://www.loc.gov/MARC21/slim">

  <leader>02727nam0a22003731  4500</leader>
  <controlfield tag="001">v19\rc\1930513</controlfield>
  <controlfield tag="005">20260406191311.0</controlfield>
  <datafield tag="035" ind1=" " ind2=" ">
    <subfield code="a">(NLR Aleph) 005266366</subfield>
  </datafield>
  <datafield tag="090" ind1=" " ind2=" ">
    <subfield code="a">5953454</subfield>
    <subfield code="c">5953454</subfield>
  </datafield>
  <datafield tag="100" ind1=" " ind2=" ">
    <subfield code="a">20080404d1912    |||y0rusy50      ca</subfield>
  </datafield>
  <datafield tag="101" ind1="0" ind2=" ">
    <subfield code="a">rus</subfield>
  </datafield>
  <datafield tag="102" ind1=" " ind2=" ">
    <subfield code="a">RU</subfield>
  </datafield>
  <datafield tag="105" ind1=" " ind2=" ">
    <subfield code="a">ab  z   |||||</subfield>
  </datafield>
  <datafield tag="200" ind1="1" ind2=" ">
    <subfield code="a">&#x41E;&#x437;&#x435;&#x440;&#x43E; &#x418;&#x43B;&#x44C;&#x43C;&#x435;&#x43D;&#x44C; &#x438; &#x440;&#x435;&#x43A;&#x430; &#x412;&#x43E;&#x43B;&#x445;&#x43E;&#x432;, &#x432; &#x441;&#x432;&#x44F;&#x437;&#x438; &#x441; &#x43F;&#x440;&#x43E;&#x435;&#x43A;&#x442;&#x43E;&#x43C; &#x448;&#x43B;&#x44E;&#x437;&#x43E;&#x432;&#x430;&#x43D;&#x438;&#x44F; &#x438; &#x438;&#x441;&#x43F;&#x43E;&#x43B;&#x44C;&#x437;&#x43E;&#x432;&#x430;&#x43D;&#x438;&#x44F; &#x44D;&#x43D;&#x435;&#x440;&#x433;&#x438;&#x438; &#x43F;&#x430;&#x434;&#x435;&#x43D;&#x438;&#x44F; &#x432;&#x43E;&#x434;&#x44B;</subfield>
    <subfield code="f">&#x415;.&#x410;. &#x41F;&#x430;&#x43B;&#x438;&#x446;&#x44B;&#x43D;, &#x438;&#x43D;&#x436;&#x435;&#x43D;&#x435;&#x440; &#x43F;&#x443;&#x442;&#x435;&#x439; &#x441;&#x43E;&#x43E;&#x431;&#x449;&#x435;&#x43D;&#x438;&#x44F;</subfield>
  </datafield>
  <datafield tag="210" ind1=" " ind2=" ">
    <subfield code="a">&#x421;.-&#x41F;&#x435;&#x442;&#x435;&#x440;&#x431;&#x443;&#x440;&#x433;</subfield>
    <subfield code="c">&#x422;&#x438;&#x43F;&#x43E;&#x433;&#x440;&#x430;&#x444;&#x438;&#x44F; &#x41C;&#x438;&#x43D;&#x438;&#x441;&#x442;&#x435;&#x440;&#x441;&#x442;&#x432;&#x430; &#x41F;&#x443;&#x442;&#x435;&#x439; &#x421;&#x43E;&#x43E;&#x431;&#x449;&#x435;&#x43D;&#x438;&#x44F; (&#x422;&#x43E;&#x432;&#x430;&#x440;&#x438;&#x449;&#x435;&#x441;&#x442;&#x432;&#x430; &#x418;.&#x41D;. &#x41A;&#x443;&#x448;&#x43D;&#x435;&#x440;&#x435;&#x432; &#x438; &#x41A;&#xB0;)</subfield>
    <subfield code="d">1912</subfield>
  </datafield>
  <datafield tag="215" ind1=" " ind2=" ">
    <subfield code="a">VIII, 370 &#x441;., [6] &#x43B;. &#x438;&#x43B;., &#x446;&#x432;. &#x43A;&#x430;&#x440;&#x442;.</subfield>
    <subfield code="c">&#x438;&#x43B;.</subfield>
    <subfield code="d">26</subfield>
  </datafield>
  <datafield tag="225" ind1="1" ind2=" ">
    <subfield code="a">&#x41C;&#x430;&#x442;&#x435;&#x440;&#x438;&#x430;&#x43B;&#x44B; &#x434;&#x43B;&#x44F; &#x43E;&#x43F;&#x438;&#x441;&#x430;&#x43D;&#x438;&#x44F; &#x440;&#x443;&#x441;&#x441;&#x43A;&#x438;&#x445; &#x440;&#x435;&#x43A; &#x438; &#x438;&#x441;&#x442;&#x43E;&#x440;&#x438;&#x438; &#x443;&#x43B;&#x443;&#x447;&#x448;&#x435;&#x43D;&#x438;&#x44F; &#x438;&#x445; &#x441;&#x443;&#x434;&#x43E;&#x445;&#x43E;&#x434;&#x43D;&#x44B;&#x445; &#x443;&#x441;&#x43B;&#x43E;&#x432;&#x438;&#x439;</subfield>
    <subfield code="f">&#x418;&#x437;&#x434;&#x430;&#x43D;&#x438;&#x435; &#x423;&#x43F;&#x440;&#x430;&#x432;&#x43B;&#x435;&#x43D;&#x438;&#x44F; &#x432;&#x43D;&#x443;&#x442;&#x440;&#x435;&#x43D;&#x43D;&#x438;&#x445; &#x432;&#x43E;&#x434;&#x43D;&#x44B;&#x445; &#x43F;&#x443;&#x442;&#x435;&#x439; &#x438; &#x448;&#x43E;&#x441;&#x441;&#x435;&#x439;&#x43D;&#x44B;&#x445; &#x434;&#x43E;&#x440;&#x43E;&#x433; (&#x43F;&#x43E; &#x41E;&#x442;&#x434;&#x435;&#x43B;&#x443; &#x432;&#x43E;&#x434;&#x44F;&#x43D;&#x44B;&#x445; &#x441;&#x43E;&#x43E;&#x431;&#x449;&#x435;&#x43D;&#x438;&#x439;)</subfield>
    <subfield code="v">&#x432;&#x44B;&#x43F;. 29</subfield>
  </datafield>
  <datafield tag="316" ind1=" " ind2=" ">
    <subfield code="a">&#x42D;&#x43A;&#x437;. &#x420;&#x41D;&#x411; &#x43D;&#x430; &#x448;&#x438;&#x444;&#x440;&#x435; &#x418;&#x440;20 &#x411;-7/1 (29)&#x441; &#x44D;&#x43A;&#x441;&#x43B;&#x438;&#x431;&#x440;&#x438;&#x441;&#x43E;&#x43C; &#x411;&#x438;&#x431;&#x43B;&#x438;&#x43E;&#x442;&#x435;&#x43A;&#x438; &#x41D;&#x438;&#x43A;&#x43E;&#x43B;&#x430;&#x44F; II: "&#x421;&#x43E;&#x431;&#x441;&#x442;&#x432;&#x435;&#x43D;&#x43D;&#x430;&#x44F; &#x415;&#x433;&#x43E; &#x412;&#x435;&#x43B;&#x438;&#x447;&#x435;&#x441;&#x442;&#x432;&#x430; &#x411;&#x438;&#x431;&#x43B;&#x438;&#x43E;&#x442;&#x435;&#x43A;&#x430;: &#x417;&#x438;&#x43C;&#x43D;&#x438;&#x439; &#x414;&#x432;&#x43E;&#x440;&#x435;&#x446;" &#x438; &#x43C;&#x43E;&#x43D;&#x43E;&#x433;&#x440;&#x430;&#x43C;&#x43C;&#x430; "&#x41D; II"</subfield>
    <subfield code="a">&#x412; &#x43A;&#x43E;&#x43D;&#x446;&#x435; &#x43A;&#x43D;. &#x440;&#x443;&#x43A;&#x43E;&#x43F;. &#x43F;&#x43E;&#x43C;&#x435;&#x442;&#x430;: &#x41A;&#x43D;. &#x43F;&#x43E;&#x441;&#x442;. N&#xB0;547 4/VI 1912 &#x433;. &#x418;&#x437; &#x41A;&#x430;&#x43D;&#x446;. &#x41C;-&#x440;&#x430; &#x43F;&#x443;&#x442;. &#x441;&#x43E;&#x43E;&#x431;&#x449;.</subfield>
    <subfield code="5">NLR: &#x418;&#x440;20 &#x411;-7/1 (29)</subfield>
  </datafield>
  <datafield tag="320" ind1=" " ind2=" ">
    <subfield code="a">&#x411;&#x438;&#x431;&#x43B;&#x438;&#x43E;&#x433;&#x440;.: &#x441;. V (9 &#x43D;&#x430;&#x437;&#x432;.)</subfield>
  </datafield>
  <datafield tag="607" ind1=" " ind2=" ">
    <subfield code="a">&#x418;&#x43B;&#x44C;&#x43C;&#x435;&#x43D;&#x44C;, &#x43E;&#x437;&#x435;&#x440;&#x43E; (&#x421;&#x435;&#x432;&#x435;&#x440;&#x43E;-&#x417;&#x430;&#x43F;&#x430;&#x434; &#x415;&#x432;&#x440;&#x43E;&#x43F;&#x435;&#x439;&#x441;&#x43A;&#x43E;&#x439; &#x447;&#x430;&#x441;&#x442;&#x438; &#x420;&#x424;)</subfield>
    <subfield code="9">1145395</subfield>
    <subfield code="3">RU\NLR\AUTH\66456496</subfield>
  </datafield>
  <datafield tag="607" ind1=" " ind2=" ">
    <subfield code="a">&#x412;&#x43E;&#x43B;&#x445;&#x43E;&#x432;, &#x440;&#x435;&#x43A;&#x430; (&#x421;&#x435;&#x432;&#x435;&#x440;&#x43E;-&#x417;&#x430;&#x43F;&#x430;&#x434; &#x415;&#x432;&#x440;&#x43E;&#x43F;&#x435;&#x439;&#x441;&#x43A;&#x43E;&#x439; &#x447;&#x430;&#x441;&#x442;&#x438; &#x420;&#x424;)</subfield>
    <subfield code="x">&#x411;&#x430;&#x441;&#x441;&#x435;&#x439;&#x43D;</subfield>
    <subfield code="x">&#x413;&#x438;&#x434;&#x440;&#x43E;&#x43B;&#x43E;&#x433;&#x438;&#x44F;</subfield>
    <subfield code="9">1329500</subfield>
    <subfield code="3">RU\NLR\AUTH\66237858</subfield>
  </datafield>
  <datafield tag="686" ind1="1" ind2=" ">
    <subfield code="a">&#x414;226.9(2)&#x418;&#x43B;&#x44C;&#x43C;&#x435;&#x43D;&#x44C;</subfield>
  </datafield>
  <datafield tag="686" ind1="1" ind2=" ">
    <subfield code="a">&#x414;225.9(2)&#x412;&#x43E;&#x43B;&#x445;&#x43E;&#x432;</subfield>
  </datafield>
  <datafield tag="700" ind1=" " ind2="1">
    <subfield code="a">&#x41F;&#x430;&#x43B;&#x438;&#x446;&#x44B;&#x43D;</subfield>
    <subfield code="b">&#x415;. &#x410;.</subfield>
    <subfield code="f">1875-</subfield>
    <subfield code="g">&#x415;&#x432;&#x433;&#x435;&#x43D;&#x438;&#x439; &#x410;&#x43B;&#x435;&#x43A;&#x441;&#x430;&#x43D;&#x434;&#x440;&#x43E;&#x432;&#x438;&#x447;</subfield>
  </datafield>
  <datafield tag="702" ind1=" " ind2="0">
    <subfield code="4">390</subfield>
    <subfield code="8">rus</subfield>
    <subfield code="7">ca</subfield>
    <subfield code="a">&#x41D;&#x438;&#x43A;&#x43E;&#x43B;&#x430;&#x439;</subfield>
    <subfield code="c">&#x438;&#x43C;&#x43F;&#x435;&#x440;&#x430;&#x442;&#x43E;&#x440; &#x440;&#x43E;&#x441;&#x441;&#x438;&#x439;&#x441;&#x43A;&#x438;&#x439;</subfield>
    <subfield code="d">II</subfield>
    <subfield code="f">1868-1918</subfield>
    <subfield code="3">RU\NLR\AUTH\773750</subfield>
    <subfield code="9">113742</subfield>
  </datafield>
  <datafield tag="712" ind1="0" ind2="1">
    <subfield code="4">475</subfield>
    <subfield code="a">&#x420;&#x43E;&#x441;&#x441;&#x438;&#x44F;</subfield>
    <subfield code="b">&#x423;&#x43F;&#x440;&#x430;&#x432;&#x43B;&#x435;&#x43D;&#x438;&#x435; &#x432;&#x43D;&#x443;&#x442;&#x440;&#x435;&#x43D;&#x43D;&#x438;&#x445; &#x432;&#x43E;&#x434;&#x43D;&#x44B;&#x445; &#x43F;&#x443;&#x442;&#x435;&#x439; &#x438; &#x448;&#x43E;&#x441;&#x441;&#x435;&#x439;&#x43D;&#x44B;&#x445; &#x434;&#x43E;&#x440;&#x43E;&#x433;</subfield>
    <subfield code="b">&#x41E;&#x442;&#x434;&#x435;&#x43B; &#x432;&#x43E;&#x434;&#x44F;&#x43D;&#x44B;&#x445; &#x438; &#x448;&#x43E;&#x441;&#x441;&#x435;&#x439;&#x43D;&#x44B;&#x445; &#x441;&#x43E;&#x43E;&#x431;&#x449;&#x435;&#x43D;&#x438;&#x439;</subfield>
    <subfield code="3">RU\NLR\AUTH\889953428</subfield>
    <subfield code="9">402875</subfield>
  </datafield>
  <datafield tag="801" ind1=" " ind2="0">
    <subfield code="a">RU</subfield>
    <subfield code="b">NLR</subfield>
    <subfield code="c">20080404</subfield>
    <subfield code="g">psbo</subfield>
  </datafield>
  <datafield tag="801" ind1=" " ind2="0">
    <subfield code="a">RU</subfield>
    <subfield code="b">RuMoRGB</subfield>
    <subfield code="c">20080404</subfield>
    <subfield code="2">psbo</subfield>
  </datafield>
  <datafield tag="801" ind1=" " ind2="1">
    <subfield code="a">RU</subfield>
    <subfield code="b">ProSoft-M</subfield>
    <subfield code="c">20080404</subfield>
    <subfield code="2">rusmarc</subfield>
  </datafield>
  <datafield tag="801" ind1=" " ind2="2">
    <subfield code="a">RU</subfield>
    <subfield code="b">NLR</subfield>
    <subfield code="c">20091118</subfield>
    <subfield code="2">rusmarc</subfield>
  </datafield>
  <datafield tag="852" ind1=" " ind2=" ">
    <subfield code="a">NLR</subfield>
    <subfield code="j">&#x418;&#x440;20 &#x411;-7/1 (29)</subfield>
  </datafield>
  <datafield tag="942" ind1=" " ind2=" ">
    <subfield code="c">BOOK</subfield>
  </datafield>
  <datafield tag="980" ind1=" " ind2=" ">
    <subfield code="a">NB</subfield>
  </datafield>
  <datafield tag="995" ind1=" " ind2=" ">
    <subfield code="5">2022-10-26</subfield>
    <subfield code="b">NLR02</subfield>
    <subfield code="c">NLR02</subfield>
    <subfield code="e">RFS</subfield>
    <subfield code="f">1-3723543</subfield>
    <subfield code="k">&#x418;&#x440;20 &#x411;-7/1 (29)</subfield>
    <subfield code="o">0</subfield>
    <subfield code="r">BOOK</subfield>
    <subfield code="s">20_7129</subfield>
  </datafield>
</record>
